Interná komunikácia ... špecializovaná príloha mesačníka Stratégie

Bibliographic Details
Format: Serial
Language:Slovak
PhysicalDescription:30 cm
Published: [Bratislava] [MAFRA Slovakia, a.s.] 2022-
Subjects:

MARC

LEADER 00000cas a2200000 4500
001 vtls012268226
003 SK-MaSNL
005 20260425194025.0
008 241210c20229999xo ar 0 b0slo
040 |a SNK  |b slo  |c SNK  |e rda 
041 0 |a slo 
043 |a e-xo--- 
044 |a xo  |c SK 
072 7 |a 316.4/.7  |x Sociálne interakcie  |2 konspekt 
072 7 |a 005  |x Manažment. Riadenie  |2 konspekt 
080 |a (437.6)  |2 2011 
080 |a (058)  |2 2011 
080 |a 005.57  |2 2011 
080 |a 005.71  |2 2011 
080 |a 331.108.2  |2 2011 
080 |a 316.77  |2 2011 
245 0 0 |a Interná komunikácia ...  |b špecializovaná príloha mesačníka Stratégie 
264 1 |a [Bratislava]  |b [MAFRA Slovakia, a.s.]  |c 2022- 
300 |c 30 cm 
310 |a 1x ročne 
336 |a text  |b txt  |2 rdacontent 
337 |a bez média  |b n  |2 rdamedia 
338 |a zväzok  |b nc  |2 rdacarrier 
362 0 |a 2022- 
500 |a Názov z obálky 
500 |a Súčasťou názvu je označenie bežného roku 
500 |a Vydavateľské údaje podľa materského dokumentu 
525 |a Je samostatnou prílohou časopisu: Stratégie 
650 0 7 |a manažérska komunikácia  |2 SNKPH  |9 4055 
650 0 7 |a Communication in management  |2 SNKPHeng  |9 266180 
650 0 7 |a firmy  |2 SNKPH  |9 2190 
650 0 7 |a Business enterprises  |2 SNKPHeng  |9 265529 
650 0 7 |a zamestnanci  |2 SNKPH  |9 16311 
650 0 7 |a Employees  |2 SNKPHeng  |9 266181 
650 0 7 |a komunikácia  |2 SNKPH  |9 1362 
650 0 7 |a Communication  |2 SNKPHeng  |9 265705 
651 7 |a Slovensko  |2 SNKPHgeo  |9 14231 
651 7 |a Slovakia  |2 SNKPHeng  |9 92630 
655 7 |a ročenky  |2 SNKPH  |9 57146 
655 7 |a Yearbooks  |2 SNKPHeng  |9 120938 
772 0 |t Stratégie (Tlačené vydanie)  |x 1335-2016  |w vtls001467591 
999 |c 1940  |d 3870 
952 |a SNK  |b SNK  |y PREZ  |7 0  |p 17A1525035  |o snkČSB 7863/2022  |i snk2025/2542  |8 0  |0 0  |1 0  |4 0  |d 2025-02-13  |l 0  |r 2026-02-21 21:22:08  |w 2026-02-21 
952 |a SNK  |b SNK  |y PREZ  |7 0  |p 17A1525036  |o snkČSB 7863/2023  |i snk2025/2543  |8 0  |0 0  |1 0  |4 0  |d 2025-02-13  |l 0  |r 2026-02-21 21:22:08  |w 2026-02-21